| 000 | 06505namaa22004451i 4500 | ||
|---|---|---|---|
| 003 | EG-GICUC | ||
| 005 | 20260415130821.0 | ||
| 008 | 260402s2025 ua a|||frm||| 000 0 eng d | ||
| 040 |
_aEG-GICUC _beng _cEG-GICUC _dEG-GICUC _erda |
||
| 041 | 0 |
_aeng _beng _bara |
|
| 049 | _aDeposit | ||
| 082 | 0 | 4 | _a615.82 |
| 092 |
_a615.82 _221 |
||
| 097 | _aM.Sc | ||
| 099 | _aCai01.21.06.M.Sc.2025.Sa.E | ||
| 100 | 0 |
_aSara Ali Taher El-Hanafi, _epreparation. |
|
| 245 | 1 | 0 |
_aEffect of thoracic kinesiotape on pulmonary function in children with pneumonia / _cby Sara Ali Taher El-Hanafi ; Supervisors Prof.Dr. Ahmed saad Awad, Prof. Dr. Mohamed Nader Alkhouli, Dr. Erini Farid Fawzy. |
| 246 | 1 | 5 | _aتأثير استخدام الشريط اللاصق للقفص الصدريعلى وظائف الرئة عند الأطفال المصابين بالالتهاب الرئوي |
| 264 | 0 | _c2025. | |
| 300 |
_a118 pages : _billustrations ; _c25 cm. + _eCD. |
||
| 336 |
_atext _2rda content |
||
| 337 |
_aUnmediated _2rdamedia |
||
| 338 |
_avolume _2rdacarrier |
||
| 502 | _aThesis (M.Sc)-Cairo University, 2025. | ||
| 504 | _aBibliography: pages 104-115. | ||
| 520 | 3 | _aBackground: Pneumonia is an inflammatory condition of the lung affecting primarily the microscopic air sacs known as alveoli. It is usually caused by infection with viruses or bacteria and less commonly other microorganisms, certain drugs, and other conditions such as autoimmune diseases. Objective: This study aimed to investigate the effect of thoracic kinesio-tape on Pulmonary Functions, time to clinical resolution and respiratory rate and arterial oxygen saturation in children with pneumonia. Methods: Thirty children with pneumonia from both sexes with age ranged from 4 to 7 years participated in this study. The patients were divided into two equal groups (study and control groups), control group received selected chest physiotherapy exercise including Postural drainage, vibration, coughing, huffing and percussion. Study group received the same selected physical therapy program given to control group in addition to thoracic kinesio-tape three days per week for two weeks. lung infiltrates were assessed using X-ray, pulmonary function was assessed by Digital spirometer, oxygen saturation was assessed by Pulse oximeter and respiratory distress presentations was assessed by Clinical Respiratory Score. All outcome measures were assessed pre and post treatment. Results: within group analysis revealed that there were statistically significant improvements in respiratory rate, O2 saturation, and clinical respiratory score and pulmonary functions. Between groups analysis showed no significant improvements in all measured variables. Conclusion: There is no significant effect of adding thoracic kinesio-taping to traditional chest physiotherapy in children with pneumonia. | |
| 520 | 3 | _aالخلفية :الالتهاب الرئوي هو حالة التهابية في الرئة تؤثر في المقام الأول على الأكياس الهوائية المجهرية المعروفة باسم الحويصلات الهوائية. عادة ما يكون سببه الإصابة بالفيروسات أو البكتيريا والكائنات الحية الدقيقة الأخرى، وبعض الأدوية، وحالات أخرى مثل أمراض المناعة الذاتية. الغرض من البحث:دراسة تأثير الشريط اللاصق للقفص الصدري على وظائف الرئة، والوقت اللازم للشفاء السريري ومعدل التنفس وتشبع الأكسجين الشرياني لدى الأطفال المصابين بالالتهاب الرئوي.الأشخاص والأساليب:شارك في هذه الدراسة ثلاثون طفلاً مصاباً بالالتهاب الرئوي من كلا الجنسين تراوحت أعمارهم بين 4 إلى 7 سنوات. تم تقسيم المرضى إلى مجموعتين متساويتين (مجموعتي الدراسة والتحكم)، تلقت مجموعة التحكم تمارين مختارة من العلاج الطبيعي للصدر بما في ذلك التصريف الوضعي، والاهتزاز، والسعال، والنفخ، والقرع. تلقت مجموعة الدراسة نفس برنامج العلاج الطبيعي المختار للمجموعة التحكم بالإضافة إلى الشريط الحركي الصدري ثلاثة أيام في الأسبوع لمدة أسبوعين. تم تقييم ارتشاح الرئة باستخدام الأشعة السينية، وتم تقييم وظيفة الجهاز التنفسي بواسطة مقياس التنفس الرقمي، وتم تقييم تشبع الأكسجين بواسطة مقياس التأكسج النبضي وتم تقييم عروض الضائقة التنفسية بواسطة درجة الجهاز التنفسي السريرية. تم تقييم جميع مقاييس النتائج قبل وبعد العلاج.النتائج:ضمن تحليل المجموعة كشفت أن هناك تحسينات ذات دلالة إحصائية في معدل التنفس، وتشبع O2، ودرجة الجهاز التنفسي السريرية ووظائف الرئة. بين تحليل المجموعات لم تظهر أي تحسينات كبيرة في جميع المتغيرات المقاسة. الخلاصة:لا يوجد أي تأثير لإضافة الشريط اللاصق للقفص الصدرى إلى العلاج الطبيعي التقليدي للصدر لدى الأطفال المصابين بالالتهاب الرئوي. | |
| 530 | _aIssues also as CD. | ||
| 546 | _aText in English and abstract in Arabic & English. | ||
| 650 | 0 | _aPhysical Therapy for Pediatrics | |
| 650 | 0 | _aالعلاج الطبيعي للاطفال | |
| 653 | 1 |
_aPneumonia _aKinesiotape _aPulmonary Function _aThoracic _aالشريط اللاصق للقفص الصدري _aوظائف الرئة |
|
| 700 | 0 |
_aAhmed saad Awad _ethesis advisor. |
|
| 700 | 0 |
_aMohamed Nader Alkhouli _ethesis advisor. |
|
| 700 | 0 |
_aErini Farid Fawzy _ethesis advisor. |
|
| 900 |
_b01-01-2025 _cAhmed saad Awad _cMohamed Nader Alkhouli _cErini Farid Fawzy _UCairo University _FFaculty of Physical Therapy _DDepartment of Physical Therapy for Pediatrics |
||
| 905 |
_aShimaa _eEman Ghareb |
||
| 942 |
_2ddc _cTH _e21 _n0 |
||
| 999 | _c179153 | ||